[Event "448. Wednesday (05.08.2020)"]
[Site "Official B"]
[Date "2020.08.05"]
[Round "4"]
[White "Tobilino"]
[Black "AmberKnight"]
[Result "0-1"]
[WhiteElo "1804"]
[BlackElo "1691"]
[Annotator "NA RC"]
[PlyCount "82"]
[EventDate "2020.08.05"]
[EventType "swiss (blitz)"]

{- Burke, Steve} 1. e4 {[%emt 0:00:01]} c6 {[%emt 0:00:03]} 2. c4 {[%emt 0:00:02]} d5 {[%emt 0:00:00]} 3. exd5 {[%emt 0:00:01]} cxd5 {[%emt 0:00:01]} 4. cxd5 {[%emt 0:00:01]} Qxd5 {[%emt 0:00:08]} 5. Nc3 {[%emt 0:00:01]} Qd8 {[%emt 0:00:06]} 6. d4 {[%emt 0:00:02]} g6 {[%emt 0:00:01]} 7. Bc4 {[%emt 0:00:03]} Bg7 {[%emt 0:00:03]} 8. Qb3 {[%emt 0:00:05]} e6 {[%emt 0:00:08]} 9. Nf3 {[%emt 0:00:15]} Nc6 {[%emt 0:00:39]} 10. Bb5 {[%emt 0:00:29]} Bd7 {[%emt 0:00:06]} 11. d5 {[%emt 0:00:42]} exd5 {[%emt 0:00:17]} 12. Qxd5 {[%emt 0:00:13]} Nge7 {[%emt 0:00:26]} 13. Qd6 {[%emt 0:00:35]} O-O {[%emt 0:00:08]} 14. O-O {[%emt 0:00:02]} Bg4 {[%emt 0:00:24]} 15. Bf4 {[%emt 0:00:21]} Bxf3 {[%emt 0:00:08]} 16. gxf3 {[%emt 0:00:01]} Nd4 {[%emt 0:00:57]} 17. Kg2 {[%emt 0:01:06]} Nef5 {[%emt 0:00:23]} 18. Qxd8 {[%emt 0:00:02]} Rfxd8 {[%emt 0:00:05]} 19. Bg3 {[%emt 0:00:04]} a6 {[%emt 0:00:22]} 20. Bc4 {[%emt 0:00:11]} Rac8 {[%emt 0:00:07]} 21. Bd5 {[%emt 0:00:10]} Rd7 {[%emt 0:00:10]} 22. Rad1 {[%emt 0:00:10]} Nc2 {[%emt 0:00:02]} 23. Be4 {[%emt 0:00:05]} Nfe3+ {[%emt 0:00:03]} 24. fxe3 {[%emt 0:00:02]} Nxe3+ {[%emt 0:00:00]} 25. Kf2 {[%emt 0:00:01]} Nxd1+ {[%emt 0:00:00]} 26. Rxd1 {[%emt 0:00:02]} Rxd1 {[%emt 0:00:00]} 27. Nxd1 {[%emt 0:00:00]} b5 {[%emt 0:00:01]} 28. Ke2 {[%emt 0:00:01]} Bf6 {[%emt 0:00:04]} 29. Bf4 {[%emt 0:00:02]} Re8 {[%emt 0:00:01]} 30. Be3 {[%emt 0:00:02]} Bxb2 {[%emt 0:00:00]} 31. Nxb2 {[%emt 0:00:01]} f5 {[%emt 0:00:00]} 32. Bc6 {[%emt 0:00:01]} Re6 {[%emt 0:00:02]} 33. Bd5 {[%emt 0:00:03]} Kf7 {[%emt 0:00:00]} 34. Bxe6+ {[%emt 0:00:00]} Kxe6 {[%emt 0:00:00]} 35. Kd3 {[%emt 0:00:00]} Ke5 {[%emt 0:00:01]} 36. Nd1 {[%emt 0:00:00]} Kd5 {[%emt 0:00:01]} 37. Nc3+ {[%emt 0:00:00]} Ke6 {[%emt 0:00:00]} 38. Kd4 {[%emt 0:00:00]} h5 {[%emt 0:00:00]} 39. f4 {[%emt 0:00:00]} Kd6 {[%emt 0:00:00]} 40. h4 {[%emt 0:00:00]} Kc6 {[%emt 0:00:01]} 41. Nd5 {[%emt 0:00:02]} a5 {[%emt 0:00:00] Zeit (Lag: Av=0.46s, max=1.0s)} 0-1

[Event "448. Wednesday (05.08.2020)"]
[Site "Official B"]
[Date "2020.08.05"]
[Round "4"]
[White "AgentsofShield"]
[Black "Sheded A"]
[Result "1/2-1/2"]
[WhiteElo "1787"]
[BlackElo "2053"]
[Annotator "TA"]
[PlyCount "100"]
[EventDate "2020.08.05"]
[EventType "swiss (blitz)"]

{[%evp 9,100,-4,-5,-10,29,9,6,-249,17,-61,-18,-37,-40,-82,-20,-34,-30,-31,-27,-32,-35,-20,-27,-92,-90,-106,-60,-96,-51,-66,-45,-47,-42,-79,-32,-100,-108,-255,-193,-189,-195,-195,-196,-191,-191,-208,-211,-234,-225,-294,-294,-312,-289,-330,-334,-396,-395,-385,-316,-374,-374,-333,0,-290,-295,-284,-255,-245,-240,-233,-222,-327,-322,-331,-319,-373,-374,-639,-348,-297,-331,-288,0,0,0,0,0,0,0,0,0,0,0]} 1. e4 c5 2. Nc3 g6 3. f4 Bg7 4. Nf3 Nc6 5. Bb5 Nd4 6. Nxd4 {B23: Closed Sicilian: Lines without g3.} Bxd4 7. Ne2 Bg7 8. d3 $2 {[%mdl 8192] [#]} (8. c3 $11) 8... e6 $146 (8... Qa5+ $19 9. Nc3 Bxc3+ 10. bxc3 Qxb5) ({Predecessor:} 8... a6 9. Bc4 b5 10. Bb3 e6 11. c3 Ne7 12. O-O O-O 13. Be3 Qc7 14. d4 c4 {½-½ (63) Agarwal,M (1375)-Kshatriya,N (1544) Mumbai 2019}) 9. a4 ({White should play} 9. c3 $11) 9... Ne7 (9... a6 $5 {[%cal Ra6b5]} 10. Bc4 d5 $15) 10. O-O O-O 11. Be3 b6 (11... d5 $17 {...a6 is the strong threat.} 12. f5 (12. Bxc5 $2 a6 $19) 12... exf5 13. exd5 Qd6) 12. c3 d5 {[#] Strongly threatening ...a6.} 13. a5 $1 Bb7 14. a6 Bc6 15. Bxc6 Nxc6 16. Ng3 (16. Rb1 $11) 16... d4 $17 17. cxd4 Nxd4 18. Kh1 f5 19. Rb1 Nc6 20. Qb3 Qd7 21. Rbd1 Kh8 22. Qb5 (22. Ne2 $15) 22... Rad8 23. h4 (23. Qb3 $17) 23... Bd4 24. Bxd4+ Nxd4 25. Qxd7 Rxd7 26. h5 Kg7 27. Kg1 Rfd8 28. Kf2 Nc6 29. Ke3 Nb4 30. hxg6 hxg6 31. exf5 exf5 32. Ne2 Rxd3+ 33. Rxd3 Rxd3+ $19 {[%mdl 4096] Endgame KRN-KRN} 34. Kf2 Rb3 35. Rd1 {Now Rd7+ and White clings on.} Rd3 $2 (35... Nxa6 36. Rd7+ Kf6 37. Rd6+ Ke7 38. Rxg6 $19) ({Don't do} 35... Rxb2 36. Rd7+ Kh6 37. Rxa7 $19) (35... Nd3+ $19 36. Kf1 Kf6) 36. Rb1 $2 {[%mdl 8192]} (36. Rf1 $1 $11 {and White is okay.} Rb3 37. Rd1) 36... Kf6 37. Nc3 Nxa6 38. Ra1 Nb4 39. Rxa7 Rd2+ {[%mdl 64] [#] Double Attack} 40. Ke3 (40. Kf1 $142) 40... Rxb2 ({Don't take} 40... Rxg2 41. Rb7 $19) 41. Rb7 Nc2+ ({Resist} 41... Rxg2 42. Rxb6+ Ke7 43. Kf3 $19) 42. Kd3 Ne1+ {[%mdl 64] Double Attack, Discovered Attack} 43. Kc4 $2 (43. Ke3 Nxg2+ 44. Kf3) 43... Nxg2 44. Nd5+ Ke6 45. Nc7+ Kd6 $2 ({Better is} 45... Ke7 $19 46. Kc3 Rf2 47. Nb5+ Kd8 48. Rxb6 Nxf4) 46. Ne8+ $11 {The position is equal.} Ke6 47. Ng7+ Kf6 (47... Kd6 $5 48. Ne8+ $8 Ke6 49. Ng7+ Kf6 50. Ne8+ Ke6 $11) 48. Ne8+ Ke6 49. Ng7+ Kd6 (49... Kf6 $5 50. Ne8+ $8 Ke6 $11) 50. Ne8+ Ke6 {Accuracy: White = 51%, Black = 57%.} 1/2-1/2

[Event "448. Wednesday (05.08.2020)"]
[Site "Official B"]
[Date "2020.08.05"]
[Round "4"]
[White "Schaumi"]
[Black "K_J"]
[Result "0-1"]
[WhiteElo "1756"]
[BlackElo "1940"]
[Annotator "TA"]
[PlyCount "90"]
[EventDate "2020.08.05"]
[EventType "swiss (blitz)"]

{[%evp 9,89,16,28,2,12,8,62,44,44,32,50,50,68,64,72,70,90,74,97,73,85,41,32,3,4,17,16,5,14,3,63,42,65,75,70,56,134,108,367,363,361,356,358,350,337,238,233,0,0,-70,-92,-74,-80,-223,-256,-222,-192,-238,-8,-296,-293,-514,-374,-481,0,-493,22,0,0,-318,-218,-206,-205,-204,-193,-271,0,0,29994,29995,29995,-29999]} 1. d4 d5 2. c4 c6 3. Nf3 Nf6 4. g3 Bf5 5. Nc3 e6 6. Qb3 {D11: Slav Defence: 3 Nf3 sidelines and 3...Nf6 4 e3 Bg4.} Qb6 7. c5 Qc7 (7... Qxb3 $11 8. axb3 Be7) 8. Bf4 {White is slightly better.} Qc8 9. Bg2 {has lost popularity (9.Nh4).} Nbd7 10. Nh4 {[#]} b6 $146 ({Predecessor:} 10... Be7 11. O-O O-O 12. Nxf5 exf5 13. Qc2 g6 14. b4 Re8 15. b5 Bd8 16. Rab1 Bc7 {0-1 (30) Rosner,J (2433)-Dominguez Perez,L (2758) chess.com INT 2020}) 11. Nxf5 exf5 12. cxb6 axb6 13. O-O Be7 14. Rfc1 {[%cal Rc3d5] Hoping for Nxd5!} Qb7 15. f3 O-O 16. e4 fxe4 17. fxe4 dxe4 18. Nxe4 Nd5 19. Bd6 Nb8 (19... b5 $11) 20. Re1 Bxd6 21. Nxd6 Qd7 22. Nc4 $36 {[%mdl 2048] White has some pressure.} Nf6 ({Black should play} 22... b5 $14) 23. Rad1 (23. Nxb6 Qxd4+ 24. Qe3 Qxe3+ 25. Rxe3 Ra6 $14) 23... b5 $2 {[%mdl 8192]} (23... Ra6 $16) 24. Nb6 $1 $18 {[%csl LRa8,LRd7][%mdl 64] Double Attack} Qb7 25. Nxa8 Qxa8 26. Re7 Nbd7 27. Rde1 Nb6 28. Qc3 $2 (28. Qa3 $18 Qc8 29. R7e2) 28... Nbd5 $11 29. Qc5 (29. Qa3 $11 Nxe7 30. Rxe7) 29... Nxe7 $15 30. Rxe7 Qxa2 31. Bxc6 (31. Qc1 $17) 31... Qb1+ ({Inferior is} 31... Qxb2 32. Bxb5 Ne4 33. Qe5 $15) 32. Kg2 Qxb2+ 33. Kh3 h5 $2 (33... b4 $1 $19 34. Bb5 Qf2) 34. Bf3 $2 {[%mdl 8192]} (34. Bxb5 $11 Qf2 35. Bd3) 34... Qf2 $19 35. Bxh5 $2 (35. Qf5 {is a better defense.}) 35... Qf1+ 36. Kh4 {[#]} Qf2 $2 (36... Nxh5 $2 37. Qxh5 Qf6+ 38. Qg5 $19) (36... b4 $1 $19 {[%mdl 512] Strongly threatening ...b3.} 37. Re5 (37. Qxb4 Qf5) 37... g6 38. Qxb4 Nxh5) 37. h3 $2 {[%mdl 8192] [#]} ({Don't go for} 37. Re2 $2 Qf1 $19) (37. Kh3 $1 $11 {and White has nothing to worry.}) 37... Ne8 $2 ({Less strong is} 37... Nxh5 38. Qxh5 Qxd4+ 39. Qg4 $19) (37... b4 $1 $19 {[%mdl 512]} 38. Re2 (38. Qxb4 Qf5) 38... Qf1) 38. Qe5 Nf6 39. Bg4 $2 {[%mdl 8192]} (39. Qc5 $1 $11 {and White stays safe.}) 39... Nxg4 40. Kxg4 {[%mdl 4096] Endgame KQR-KQR} b4 $1 {[%cal Bb5b4,Bb4b3][%mdl 32] Threatens to win with ...b3.} 41. d5 {[#]} b3 $1 42. Rb7 {[#]} (42. d6 $142) 42... f5+ $2 (42... Qf1 $1 $19 {[%cal Rf1a6] And now ...Qa6 would win.} 43. Kh4 Qf3) 43. Kh4 $11 {[%csl Gb7][%cal Re5g7]} g5+ $2 {[%mdl 8192]} (43... Rf6 $11 44. Rxb3 Qd2) 44. Kxg5 {[%csl Gb7][%cal Re5g7]} Qd2+ 45. Kh4 $4 {[%mdl 8192]} (45. Kg6 {avoids the disaster.} Qg5+ 46. Kxg5 Rf7 47. Qe8+ {[%mdl 64] Double Attack} Rf8 48. Qg6+ Kh8 49. Qh7#) 45... Qh6# {Accuracy: White = 43%, Black = 55%.} 0-1

[Event "448. Wednesday (05.08.2020)"]
[Site "Official B"]
[Date "2020.08.05"]
[Round "4"]
[White "Inter_slo"]
[Black "Dagobert52"]
[Result "1-0"]
[WhiteElo "1739"]
[BlackElo "1568"]
[Annotator "NA RC"]
[PlyCount "117"]
[EventDate "2020.08.05"]
[EventType "swiss (blitz)"]

1. e4 {[%emt 0:00:16]} Nf6 {[%emt 0:00:02]} 2. e5 {[%emt 0:00:01]} Nd5 {[%emt 0:00:02]} 3. c4 {[%emt 0:00:01]} Nb6 {[%emt 0:00:02]} 4. d4 {[%emt 0:00:01]} Nc6 {[%emt 0:00:03]} 5. f4 {[%emt 0:00:04]} d6 {[%emt 0:00:01]} 6. Be3 {[%emt 0:00:02]} g6 {[%emt 0:00:02]} 7. Nf3 {[%emt 0:00:02]} Bg7 {[%emt 0:00:01]} 8. a4 {[%emt 0:00:05]} a5 {[%emt 0:00:02]} 9. Nc3 {[%emt 0:00:03]} Bg4 {[%emt 0:00:06]} 10. h3 {[%emt 0:00:05]} Bxf3 {[%emt 0:00:02]} 11. Qxf3 {[%emt 0:00:02]} O-O {[%emt 0:00:02]} 12. Be2 {[%emt 0:00:19]} e6 {[%emt 0:00:16]} 13. O-O {[%emt 0:00:06]} Rb8 {[%emt 0:00:08]} 14. Rad1 {[%emt 0:00:10]} Nb4 {[%emt 0:00:06]} 15. Nb5 {[%emt 0:00:07]} Qe7 {[%emt 0:00:08]} 16. Rc1 {[%emt 0:00:23]} dxe5 {[%emt 0:00:04]} 17. dxe5 {[%emt 0:00:03]} Rfd8 {[%emt 0:00:06]} 18. Qf2 {[%emt 0:00:07]} Nd3 {[%emt 0:00:05]} 19. Bxd3 {[%emt 0:00:02]} Rxd3 {[%emt 0:00:04]} 20. Bxb6 {[%emt 0:00:01]} cxb6 {[%emt 0:00:03]} 21. Qxb6 {[%emt 0:00:02]} Bf8 {[%emt 0:00:07]} 22. Qxa5 {[%emt 0:00:05]} Qc5+ {[%emt 0:00:12]} 23. Kh1 {[%emt 0:00:04]} Rc8 {[%emt 0:00:02]} 24. Qa7 {[%emt 0:00:05]} Qxa7 {[%emt 0:00:07]} 25. Nxa7 {[%emt 0:00:02]} Ra8 {[%emt 0:00:03]} 26. Nb5 {[%emt 0:00:02]} Rxa4 {[%emt 0:00:02]} 27. Rfd1 {[%emt 0:00:01]} Rxd1+ {[%emt 0:00:03]} 28. Rxd1 {[%emt 0:00:03]} Rxc4 {[%emt 0:00:01]} 29. Nd6 {[%emt 0:00:02]} Rxf4 {[%emt 0:00:05]} 30. Nxb7 {[%emt 0:00:04]} Rb4 {[%emt 0:00:02]} 31. Rd7 {[%emt 0:00:07]} Rxb2 {[%emt 0:00:02]} 32. Nd6 {[%emt 0:00:04]} Rf2 {[%emt 0:00:07]} 33. Kg1 {[%emt 0:00:04]} Rf4 {[%emt 0:00:11]} 34. g3 {[%emt 0:00:02]} Rf3 {[%emt 0:00:20]} 35. Kg2 {[%emt 0:00:03]} Re3 {[%emt 0:00:02]} 36. Nxf7 {[%emt 0:00:06]} Bc5 {[%emt 0:00:11]} 37. Rc7 {[%emt 0:00:07]} Bd4 {[%emt 0:00:04]} 38. Ng5 {[%emt 0:00:13]} Bxe5 {[%emt 0:00:07]} 39. Rc8+ {[%emt 0:00:08]} Kg7 {[%emt 0:00:04]} 40. Nxe6+ {[%emt 0:00:02]} Kf6 {[%emt 0:00:02]} 41. Nf8 {[%emt 0:00:06]} Rxg3+ {[%emt 0:00:04]} 42. Kf2 {[%emt 0:00:03]} Rxh3 {[%emt 0:00:03]} 43. Nd7+ {[%emt 0:00:02]} Kf5 {[%emt 0:00:01]} 44. Rc5 {[%emt 0:00:05]} Rh2+ {[%emt 0:00:08]} 45. Kf3 {[%emt 0:00:03]} Rh3+ {[%emt 0:00:02]} 46. Kf2 {[%emt 0:00:01]} Rh5 {[%emt 0:00:11]} 47. Rxe5+ {[%emt 0:00:07]} Kf4 {[%emt 0:00:01]} 48. Re7 {[%emt 0:00:06]} g5 {[%emt 0:00:02]} 49. Kg2 {[%emt 0:00:04]} g4 {[%emt 0:00:01]} 50. Rf7+ {[%emt 0:00:05]} Ke4 {[%emt 0:00:03]} 51. Nf6+ {[%emt 0:00:02]} Ke5 {[%emt 0:00:04]} 52. Nxh5 {[%emt 0:00:02]} Ke6 {[%emt 0:00:01]} 53. Rf8 {[%emt 0:00:04]} Ke7 {[%emt 0:00:01]} 54. Rh8 {[%emt 0:00:02]} Kf7 {[%emt 0:00:02]} 55. Rxh7+ {[%emt 0:00:01]} Kg6 {[%emt 0:00:02]} 56. Rh8 {[%emt 0:00:03]} Kg5 {[%emt 0:00:06]} 57. Kg3 {[%emt 0:00:02]} Kf5 {[%emt 0:00:02]} 58. Rg8 {[%emt 0:00:02]} Ke5 {[%emt 0:00:02]} 59. Rxg4 {[%emt 0:00:01] Dagobert52 gibt auf (Lag: Av=0.77s, max=1.4s)} 1-0

[Event "448. Wednesday (05.08.2020)"]
[Site "Official B"]
[Date "2020.08.05"]
[Round "4"]
[White "Stader Löwe"]
[Black "Scharmacher"]
[Result "1-0"]
[WhiteElo "1699"]
[BlackElo "1409"]
[Annotator "NA RC"]
[PlyCount "119"]
[EventDate "2020.08.05"]
[EventType "swiss (blitz)"]

1. e4 {[%emt 0:00:02]} e6 {[%emt 0:00:02]} 2. d4 {[%emt 0:00:02]} d5 {[%emt 0:00:02]} 3. Nc3 {[%emt 0:00:00]} dxe4 {[%emt 0:00:02]} 4. Nxe4 {[%emt 0:00:02]} Be7 {[%emt 0:00:01]} 5. Nf3 {[%emt 0:00:02]} Nf6 {[%emt 0:00:01]} 6. Bd3 {[%emt 0:00:02]} Nc6 {[%emt 0:00:03]} 7. c3 {[%emt 0:00:02]} O-O {[%emt 0:00:03]} 8. Bf4 {[%emt 0:00:02]} Nxe4 {[%emt 0:00:05]} 9. Bxe4 {[%emt 0:00:03]} Bd7 {[%emt 0:00:01]} 10. h4 {[%emt 0:00:02]} Rc8 {[%emt 0:00:02]} 11. Qc2 {[%emt 0:00:06]} f5 {[%emt 0:00:03]} 12. Bd3 {[%emt 0:00:06]} a6 {[%emt 0:00:03]} 13. g3 {[%emt 0:00:01]} b5 {[%emt 0:00:03]} 14. O-O-O {[%emt 0:00:02]} b4 {[%emt 0:00:02]} 15. c4 {[%emt 0:00:03]} a5 {[%emt 0:00:03]} 16. b3 {[%emt 0:00:05]} Ra8 {[%emt 0:00:03]} 17. d5 {[%emt 0:00:05]} exd5 {[%emt 0:00:03]} 18. cxd5 {[%emt 0:00:01]} Na7 {[%emt 0:00:03]} 19. Bg5 {[%emt 0:00:07]} Rc8 {[%emt 0:00:03]} 20. Bxe7 {[%emt 0:00:05]} Qxe7 {[%emt 0:00:01]} 21. Rhe1 {[%emt 0:00:00]} Qd6 {[%emt 0:00:02]} 22. Bc4 {[%emt 0:00:06]} Kh8 {[%emt 0:00:03]} 23. Kb1 {[%emt 0:00:12]} Bb5 {[%emt 0:00:03]} 24. Ne5 {[%emt 0:00:03]} Bxc4 {[%emt 0:00:03]} 25. Nxc4 {[%emt 0:00:35]} Qc5 {[%emt 0:00:04]} 26. Ne5 {[%emt 0:00:10]} Qxc2+ {[%emt 0:00:03]} 27. Kxc2 {[%emt 0:00:01]} Nb5 {[%emt 0:00:01]} 28. Nc6 {[%emt 0:00:09]} Rce8 {[%emt 0:00:08]} 29. Re6 {[%emt 0:00:09]} Rxe6 {[%emt 0:00:04]} 30. dxe6 {[%emt 0:00:04]} Re8 {[%emt 0:00:01]} 31. e7 {[%emt 0:00:02]} Nd6 {[%emt 0:00:04]} 32. Rd5 {[%emt 0:00:03]} g6 {[%emt 0:00:03]} 33. Rxa5 {[%emt 0:00:02]} Nc8 {[%emt 0:00:02]} 34. Re5 {[%emt 0:00:03]} Nd6 {[%emt 0:00:02]} 35. Nxb4 {[%emt 0:00:09]} Kg7 {[%emt 0:00:04]} 36. Nd5 {[%emt 0:00:02]} Kf7 {[%emt 0:00:04]} 37. Kb2 {[%emt 0:00:04]} c6 {[%emt 0:00:01]} 38. Nb4 {[%emt 0:00:07]} Rxe7 {[%emt 0:00:06]} 39. Rxe7+ {[%emt 0:00:02]} Kxe7 {[%emt 0:00:03]} 40. Nxc6+ {[%emt 0:00:01]} Kd7 {[%emt 0:00:01]} 41. Nd4 {[%emt 0:00:06]} Ne4 {[%emt 0:00:02]} 42. Ne2 {[%emt 0:00:04]} Nxf2 {[%emt 0:00:02]} 43. b4 {[%emt 0:00:02]} Nd3+ {[%emt 0:00:02]} 44. Kc3 {[%emt 0:00:01]} Ne5 {[%emt 0:00:03]} 45. Kd4 {[%emt 0:00:03]} Nc6+ {[%emt 0:00:02]} 46. Kc5 {[%emt 0:00:01]} Kc7 {[%emt 0:00:02]} 47. a4 {[%emt 0:00:02]} Ne5 {[%emt 0:00:02]} 48. b5 {[%emt 0:00:02]} h6 {[%emt 0:00:01]} 49. a5 {[%emt 0:00:02]} g5 {[%emt 0:00:01]} 50. a6 {[%emt 0:00:06]} Kb8 {[%emt 0:00:04]} 51. hxg5 {[%emt 0:00:02]} hxg5 {[%emt 0:00:02]} 52. b6 {[%emt 0:00:02]} Nd7+ {[%emt 0:00:02]} 53. Kc6 {[%emt 0:00:02]} Ne5+ {[%emt 0:00:02]} 54. Kd5 {[%emt 0:00:11]} Nd7 {[%emt 0:00:03]} 55. Kc6 {[%emt 0:00:15]} Ne5+ {[%emt 0:00:02]} 56. Kb5 {[%emt 0:00:01]} Nd7 {[%emt 0:00:02]} 57. Nd4 {[%emt 0:00:06]} f4 {[%emt 0:00:03]} 58. gxf4 {[%emt 0:00:01]} gxf4 {[%emt 0:00:01]} 59. Nc6+ {[%emt 0:00:01]} Ka8 {[%emt 0:00:03]} 60. b7# {[%emt 0:00:04] (Lag: Av=0.56s, max=5.3s)} 1-0

[Event "448. Wednesday (05.08.2020)"]
[Site "Official B"]
[Date "2020.08.05"]
[Round "4"]
[White "Königsinder"]
[Black "Cucufato"]
[Result "1-0"]
[WhiteElo "1649"]
[BlackElo "1890"]
[Annotator "NA RC"]
[PlyCount "83"]
[EventDate "2020.08.05"]
[EventType "swiss (blitz)"]
[WhiteTeam "SF Barsinghausen"]

{Serreck, Uwe (1889)} 1. e4 {[%emt 0:00:11]} c6 {[%emt 0:00:01]} 2. Ne2 {[%emt 0:00:06]} d5 {[%emt 0:00:00]} 3. e5 {[%emt 0:00:02]} c5 {[%emt 0:00:01]} 4. d4 {[%emt 0:00:02]} Nc6 {[%emt 0:00:13]} 5. c3 {[%emt 0:00:01]} Bf5 {[%emt 0:00:03]} 6. Be3 {[%emt 0:00:06]} e6 {[%emt 0:00:05]} 7. Ng3 {[%emt 0:00:41]} Bg6 {[%emt 0:00:08]} 8. h4 {[%emt 0:00:03]} h5 {[%emt 0:00:09]} 9. Be2 {[%emt 0:00:08]} Be7 {[%emt 0:00:38]} 10. Bxh5 {[%emt 0:00:31]} Bxh5 {[%emt 0:00:14]} 11. Nxh5 {[%emt 0:00:02]} g6 {[%emt 0:00:06]} 12. Nf4 {[%emt 0:00:10]} Rxh4 {[%emt 0:00:27]} 13. Rxh4 {[%emt 0:00:03]} Bxh4 {[%emt 0:00:00]} 14. Qg4 {[%emt 0:00:14]} Nh6 {[%emt 0:00:42]} 15. Qh3 {[%emt 0:00:07]} cxd4 {[%emt 0:00:10]} 16. cxd4 {[%emt 0:00:02]} Nf5 {[%emt 0:00:13]} 17. Ne2 {[%emt 0:00:29]} Be7 {[%emt 0:00:24]} 18. Nbc3 {[%emt 0:00:08]} Kd7 {[%emt 0:00:12]} 19. g4 {[%emt 0:00:10]} Nxe3 {[%emt 0:00:04]} 20. Qxe3 {[%emt 0:00:07]} Qh8 {[%emt 0:00:10]} 21. Kd2 {[%emt 0:00:05]} Qh4 {[%emt 0:00:07]} 22. a3 {[%emt 0:00:12]} Rh8 {[%emt 0:00:12]} 23. f3 {[%emt 0:00:02]} Bg5 {[%emt 0:00:05]} 24. Nf4 {[%emt 0:00:12]} Qg3 {[%emt 0:00:05]} 25. Nce2 {[%emt 0:00:02]} Rh2 {[%emt 0:00:01]} 26. Kd3 {[%emt 0:00:05]} Rf2 {[%emt 0:00:04]} 27. Nxg3 {[%emt 0:00:04]} Rxb2 {[%emt 0:00:07]} 28. Rc1 {[%emt 0:00:12]} Na5 {[%emt 0:00:06]} 29. Nge2 {[%emt 0:00:02]} Nc4 {[%emt 0:00:01]} 30. Qg1 {[%emt 0:00:05]} Rd2+ {[%emt 0:00:03]} 31. Kc3 {[%emt 0:00:02]} Ra2 {[%emt 0:00:01]} 32. Rc2 {[%emt 0:00:02]} Rxa3+ {[%emt 0:00:01]} 33. Kb4 {[%emt 0:00:06]} Ra6 {[%emt 0:00:02]} 34. Rxc4 {[%emt 0:00:01]} dxc4 {[%emt 0:00:01]} 35. Kxc4 {[%emt 0:00:01]} Rc6+ {[%emt 0:00:01]} 36. Kd3 {[%emt 0:00:01]} b5 {[%emt 0:00:01]} 37. Nc3 {[%emt 0:00:02]} Rc4 {[%emt 0:00:00]} 38. Nxb5 {[%emt 0:00:01]} Rb4 {[%emt 0:00:00]} 39. Nd6 {[%emt 0:00:01]} Rb3+ {[%emt 0:00:01]} 40. Kc4 {[%emt 0:00:03]} Rxf3 {[%emt 0:00:00]} 41. Qb1 {[%emt 0:00:03]} Bxf4 {[%emt 0:00:02]} 42. Qb7+ {[%emt 0:00:02] Tiempo (Lag: Av=0.79s, max=1.4s)} 1-0

[Event "448. Wednesday (05.08.2020)"]
[Site "Official B"]
[Date "2020.08.05"]
[Round "4"]
[White "KDK"]
[Black "möwe"]
[Result "0-1"]
[WhiteElo "1599"]
[BlackElo "1526"]
[Annotator "NA RC"]
[PlyCount "72"]
[EventDate "2020.08.05"]
[EventType "swiss (blitz)"]

1. e4 {[%emt 0:00:01]} d5 {[%emt 0:00:01]} 2. exd5 {[%emt 0:00:02]} Qxd5 {[%emt 0:00:00]} 3. Nf3 {[%emt 0:00:03]} Bg4 {[%emt 0:00:02]} 4. Be2 {[%emt 0:00:01]} Nf6 {[%emt 0:00:01]} 5. Nc3 {[%emt 0:00:02]} Qh5 {[%emt 0:00:01]} 6. d3 {[%emt 0:00:02]} e6 {[%emt 0:00:01]} 7. O-O {[%emt 0:00:09]} Bd6 {[%emt 0:00:01]} 8. h3 {[%emt 0:01:06]} Bxh3 {[%emt 0:00:06]} 9. Ng5 {[%emt 0:00:01]} Bg4 {[%emt 0:00:07]} 10. g3 {[%emt 0:00:07]} Nc6 {[%emt 0:00:17]} 11. Nce4 {[%emt 0:00:06]} Bxe2 {[%emt 0:00:12]} 12. Nxf6+ {[%emt 0:00:51]} gxf6 {[%emt 0:00:04]} 13. Qd2 {[%emt 0:00:14]} Bxf1 {[%emt 0:00:06]} 14. Kxf1 {[%emt 0:00:06]} fxg5 {[%emt 0:00:04]} 15. Qe3 {[%emt 0:00:12]} O-O-O {[%emt 0:00:32]} 16. Kg2 {[%emt 0:00:02]} g4 {[%emt 0:00:04]} 17. Bd2 {[%emt 0:00:10]} Bc5 {[%emt 0:00:05]} 18. Qf4 {[%emt 0:00:20]} Qd5+ {[%emt 0:00:16]} 19. Kg1 {[%emt 0:00:04]} f5 {[%emt 0:00:03]} 20. Re1 {[%emt 0:00:30]} h5 {[%emt 0:00:10]} 21. c4 {[%emt 0:00:03]} Qxd3 {[%emt 0:00:09]} 22. Rxe6 {[%emt 0:00:03]} Qxd2 {[%emt 0:00:13]} 23. Qxf5 {[%emt 0:00:05]} Bxf2+ {[%emt 0:00:21]} 24. Qxf2 {[%emt 0:00:03]} Qxf2+ {[%emt 0:00:03]} 25. Kxf2 {[%emt 0:00:01]} Rhf8+ {[%emt 0:00:05]} 26. Kg2 {[%emt 0:00:05]} Rd2+ {[%emt 0:00:02]} 27. Kg1 {[%emt 0:00:02]} Rff2 {[%emt 0:00:06]} 28. Rh6 {[%emt 0:00:10]} Rxb2 {[%emt 0:00:01]} 29. Rxh5 {[%emt 0:00:01]} Rfc2 {[%emt 0:00:01]} 30. Rf5 {[%emt 0:00:02]} Rxa2 {[%emt 0:00:02]} 31. c5 {[%emt 0:00:03]} Rg2+ {[%emt 0:00:04]} 32. Kh1 {[%emt 0:00:03]} Rxg3 {[%emt 0:00:01]} 33. Rf7 {[%emt 0:00:03]} Rh3+ {[%emt 0:00:02]} 34. Kg1 {[%emt 0:00:01]} Rb3 {[%emt 0:00:02]} 35. Rf8+ {[%emt 0:00:04]} Kd7 {[%emt 0:00:01]} 36. Rf1 {[%emt 0:00:00]} g3 {[%emt 0:00:04] Zeit (Lag: Av=0.65s, max=1.1s)} 0-1